Planet Zoo: African Animals - Statistics

General Stats
  • This quiz has been taken 24 times
  • The average score is 26 of 66
Answer Stats
Biome Classification Conservation Status Animal % Correct
Grassland Mammal Critically Endangered West African Lion
94%
Tropical Mammal Critically Endangered Western Lowland Gorilla
94%
Aquatic, Grassland, Tropical Mammal Near Threatened African Buffalo
88%
Grassland, Tropical Mammal Vulnerable African Leopard
88%
Desert, Grassland Mammal Critically Endangered Black Rhinoceros
81%
Desert, Grassland Mammal Vulnerable Cheetah
81%
Aquatic, Grassland Mammal Vulnerable Hippopotamus
81%
Tropical, Grassland Mammal Endangered Reticulated Giraffe
81%
Grassland Mammal Near Threatened Southern White Rhinoceros
81%
Aquatic, Desert, Grassland Mammal Endangered African Savannah Elephant
75%
Desert, Grassland, Temperate Mammal Domesticated Dromedary Camel
75%
Grassland Mammal Near Threatened Plains Zebra
75%
Tropical Mammal Critically Endangered Western Chimpanzee
75%
Grassland, Tropical Mammal Least Concern Aardvark
69%
Tropical Mammal Endangered Bonobo
63%
Tropical Mammal Endangered Okapi
63%
Grassland Mammal Least Concern Black Wildebeest
56%
Grassland Mammal Least Concern Blue Wildebeest
56%
Desert, Grassland Bird Least Concern Common Ostrich
56%
Grassland, Desert Mammal Least Concern Meerkat
56%
Grassland Mammal Least Concern Spotted Hyena
56%
Desert, Grassland Mammal Endangered Scimitar-Horned Oryx
50%
Tropical Mammal Critically Endangered Black-and-White Ruffed Lemur
44%
Grassland, Tropical Mammal Least Concern Common Warthog
44%
Tropical Mammal Critically Endangered Red Ruffed Lemur
44%
Tropical Mammal Endangered Ring Tailed Lemur
44%
Desert Mammal Critically Endangered Addax
38%
Aquatic, Desert Bird Critically Endangered African Penguin
38%
Tropical Mammal Near Threatened Bongo
38%
Aquatic, Tropical, Temperate, Grassland Bird Least Concern Greater Flamingo
38%
Desert, Grassland Mammal Least Concern Hamadryas Baboon
38%
Tropical Mammal Vulnerable Mandrill
38%
Grassland, Desert Mammal Least Concern Springbok
38%
Desert, Tropical, Grassland, Temperate Mammal Near Threatened Striped Hyena
38%
Desert, Grassland Mammal Endangered African Wild Dog
31%
Desert, Grassland Mammal Critically Endangered Dama Gazelle
31%
Desert, Grassland, Tropical Mammal Least Concern Honey Badger
31%
Desert, Grassland Reptile Endangered African Spurred Tortoise
25%
Tropical Reptile Vulnerable Aldabra Giant Tortoise
25%
Desert, Grassland, Temperate Mammal Least Concern Caracal
25%
Desert Mammal Least Concern Gemsbok
25%
Grassland, Tropical Mammal Least Concern Nyala
25%
Aquatic, Tropical Mammal Endangered Pygmy Hippopotamus
25%
Grassland Mammal Least Concern Sable Antelope
25%
Desert Mammal Critically Endangered Somali Wild Donkey
25%
Desert, Grassland Mammal Least Concern African Crested Porcupine
19%
Tropical, Aquatic Amphibian Endangered Goliath Frog
19%
Aquatic, Grassland, Tropical Reptile Least Concern Nile Monitor
19%
Grassland Reptile Least Concern Puff Adder
19%
Tropical Mammal Critically Endangered Coquerel's Sifaka
13%
Desert Reptile Least Concern Desert Horned Viper
13%
Tropical Mammal Vulnerable Fossa
13%
Tropical Insect Data Deficient Goliath Beetle
13%
Aquatic, Grassland, Tropical Mammal Least Concern Red River Hog
13%
Desert Mammal Least Concern Sand Cat
13%
Grassland Mammal Least Concern Thomson's Gazelle
13%
Grassland,Temperate, Desert, Taiga, Tropical Mammal Least Concern Wild Boar
13%
Desert, Grassland, Tropical Mammal Least Concern Egyptian Fruit Bat
6%
Desert Mammal Least Concern Fennec Fox
6%
Grassland Mammal Least Concern Kirk's Dik-Dik
6%
Grassland,Temperate, Tropical Insect Endangered Monarch
6%
Aquatic, Grassland Mammal Endangered Nile Lechwe
6%
Temperate, Taiga, Grassland, Desert, Tundra Mammal Least Concern Red Fox
6%
Tropical, Grassland Mollusk Data Deficient Giant Tiger Land Snail
0%
Grassland, Temperate, Taiga Mammal Least Concern Red Deer
0%
Desert Insect Data Deficient Sacred Scarab Beetle
0%
No matching quizzes found
Score Distribution
Percent of People with Each Score
Percentile by Number Answered
Your Score History
You have not taken this quiz